| 000 | 00945aam a2200277 a 4500 | ||
|---|---|---|---|
| 999 |
_c323378 _d323378 |
||
| 003 | BLK | ||
| 005 | 20250213170750.0 | ||
| 008 | 180723b bul||||| |||| 00| 0 bul d | ||
| 020 | _a978-954-28-2644-6 | ||
| 040 | _aBLK | ||
| 041 |
_aBUL _cBUL |
||
| 080 |
_aАмериканска литература (на САЩ) _b821.111(73) |
||
| 100 |
_aШел, Адам _eпърви автор _91299 |
||
| 139 |
_aШел, Адам _bШ 51 |
||
| 245 |
_aРапсодия в Тоскана _cАдам Шел, прев. от англ. Стоянка Сербезова-Леви |
||
| 257 | _aUSA | ||
| 260 |
_bСиела _c2018 _aСофия |
||
| 300 |
_a392 с. _c21 см |
||
| 380 | _aX | ||
| 700 |
_9243864 _aСербезова, Стоянка Минчева _eпрев. от англ. |
||
| 852 | _cП 820(73)-31/Ш 51 | ||
| 942 |
_cKNG _2udc _n0 _038 |
||
| 999 | _d323378 | ||
| 999 | _d323378 | ||
| 944 |
_k30530 _lМинев Младен |
||